00873cam a2200193 a 4500020001500000040000800015082002600023100002200049245008200071260004000153300007700193490004800270500005700318650003500375856006000410856007700470856006400547856006800611 a0618153985 cDLC00a823 HOU 2001 A092 Or.1 aTolkien, J. R. R.14aThe fellowship of the ring :bbeing the first part of The lord of the rings / aBoston :bHoughton Mifflin,c[2001] aviii, 423 p., [1] folded leaf of plates :bill., maps (1 col.) ;c23 cm.1 aThe lord of the rings / by J.R.R. Tolkien ; a"Note on the text" / David A. Anderson: p. [v]-viii. 0aMiddle Earth (Imaginary place)41uhttp://www.loc.gov/catdir/samples/hm051/2001276576.html42uhttp://www.houghtonmifflinbooks.com/readers_guides/lotr/fellowring.shtml42uhttp://www.loc.gov/catdir/description/hm021/2001276576.html42uhttp://www.loc.gov/catdir/enhancements/fy0736/2001276576-b.html